Criterios de desarrollo económico óptimo (Registro nro. 24924)
[ vista simple ]
| 000 -LEADER | |
|---|---|
| fixed length control field | 00326 a2200109 4500 |
| 001 - CONTROL NUMBER | |
| control field | ART_47134 |
| 005 - DATE AND TIME OF LATEST TRANSACTION | |
| control field | 20260410161850.0 |
| 008 - FIXED-LENGTH DATA ELEMENTS--GENERAL INFORMATION | |
| fixed length control field | 260409a |
| 100 1# - MAIN ENTRY--PERSONAL NAME | |
| Personal name | Mantel, Rolf R. |
| 245 10 - TITLE STATEMENT | |
| Title | Criterios de desarrollo económico óptimo |
| 773 0# - HOST ITEM ENTRY | |
| Title | Económica |
| Related parts | - Año XLV, Nº 2 T.1 (jul./dic. 1999) |
| Record control number | REV7541 |
No hay ítems disponibles.